Global woman:Nannies, maids and sex workers in the new economy. / (Record no. 3059)
[ view plain ]
| 000 -LEADER | |
|---|---|
| fixed length control field | 01122nam a22001697a 4500 |
| 008 - FIXED-LENGTH DATA ELEMENTS--GENERAL INFORMATION | |
| fixed length control field | 140624b xxu||||| |||| 00| 0 eng d |
| 020 ## - INTERNATIONAL STANDARD BOOK NUMBER | |
| International Standard Book Number | 9781862075887 |
| 050 ## - LIBRARY OF CONGRESS CALL NUMBER | |
| Classification number | HD6072.G55 |
| 245 ## - TITLE STATEMENT | |
| Title | Global woman:Nannies, maids and sex workers in the new economy. / |
| Remainder of title | Nannies, Maids and sex workers in the new economy |
| Statement of responsibility, etc. | Barbara Ehrenreich and Arlie Russell Hochschild |
| 260 ## - PUBLICATION, DISTRIBUTION, ETC. | |
| Place of publication, distribution, etc. | London: |
| Name of publisher, distributor, etc. | Granta books, |
| Date of publication, distribution, etc. | 2002. |
| 300 ## - PHYSICAL DESCRIPTION | |
| Extent | Vi, 328p.: |
| Dimensions | 16cm |
| 500 ## - GENERAL NOTE | |
| General note | Includes bibliographies |
| 505 ## - FORMATTED CONTENTS NOTE | |
| Formatted contents note | Contents : Introduction -- Love and gold -- The Nanny Dilemma -- The Care crisis in the Philippines -- Blow ups and other unhappy endings -- Invisible labors: caring for independent person -- Maid to order -- Just another job? -- Filipina workers in Hong Kong homes: household rules and relations -- America's dirty work: migrant maids and modern - day slavery -- Selling sex for visas: Sex tourism as a stepping- stone to International migration -- Among women: Migrant domestics and their Taiwanese -- Employers Across generations. |
| 700 ## - ADDED ENTRY--PERSONAL NAME | |
| Personal name | Ehrenreich Barbara |
| 700 ## - ADDED ENTRY--PERSONAL NAME | |
| Personal name | Hochschild Arlie Russell |
| 942 ## - ADDED ENTRY ELEMENTS (KOHA) | |
| Source of classification or shelving scheme | Library of Congress Classification |
| Koha item type | Books |
| Withdrawn status | Lost status | Source of classification or shelving scheme | Damaged status | Not for loan | Home library | Current library | Shelving location | Date acquired | Total Checkouts | Full call number | Barcode | Date last seen | Copy number | Price effective from | Koha item type |
|---|---|---|---|---|---|---|---|---|---|---|---|---|---|---|---|
| Library of Congress Classification | WISCONSIN INTERNATIONAL UNIVERSITY COLLEGE, GHANA - MAIN LIBRARY | WISCONSIN INTERNATIONAL UNIVERSITY COLLEGE, GHANA - MAIN LIBRARY | Reference | 24/06/2014 | HD6072.G55 | 7411/440/13 | 24/06/2014 | 1 | 24/06/2014 | Books |
